[Event "Migoya"]
[Site "Migoya"]
[Date "1999.??.??"]
[Round "?"]
[White "Guerra, Pablo"]
[Black "Queipo Caballero, Guillermo"]
[Result "0-1"]
[WhiteElo "2325"]
[BlackElo "2255"]
[PlyCount "73"]
[EventDate "1999.??.??"]
[EventType "tourn"]
[EventRounds "7"]
[EventCountry "CUB"]
[SourceTitle "EXT 2004"]
[Source "ChessBase"]
[SourceDate "2003.11.25"]
[SourceVersion "1"]
[SourceVersionDate "2003.11.25"]
[SourceQuality "1"]

1. d4 Nf6 2. c4 e6 3. Nc3 Bb4 4. Qc2 d5 5. cxd5 exd5 6. Bg5 h6 7. Bh4 0-0 8. a3 Be7 9. e3 Nbd7 10. Nf3 Re8 11. b4 c6 12. Be2 a5 13. b5 c5 14. dxc5 Nxc5 15. 0-0 Be6 16. Nd4 Rc8 17. Qb2 Nfe4 18. Bxe7 Qxe7 19. Rac1 Rcd8 20. Rfd1 Qf6 21. f3 Nd6 22. Qa2 Qe5 23. Qd2 Nc4 24. Bxc4 dxc4 25. Qe2 Nb3 26. Rc2 Qc5 27. Nxe6 Rxd1+ 28. Nxd1 fxe6 29. a4 Qb4 30. Nc3 Rd8 31. Na2 Qxa4 32. Rxc4 Qxb5 33. Qc2 Rd1+ 34. Qxd1 Qxc4 35. h4 Nc5 36. Nc1 a4 37. h5 0-1